| 000 | 00362nam a22001577a 4500 | ||
|---|---|---|---|
| 003 | NUST | ||
| 020 | _a9780367531362 | ||
| 038 | _akhadija | ||
| 082 |
_a006.3 _bSAB |
||
| 100 |
_aSabouret _991806 |
||
| 245 |
_aUnderstanding Artificial Intelligence / _cNicolas Sabouret |
||
| 260 |
_aU.K _bCRC Press _c2021 |
||
| 300 | _ap159 | ||
| 563 | _aHB | ||
| 942 |
_2ddc _cBK |
||
| 999 |
_c589934 _d589934 |
||